000 00445nam a2200193Ia 4500
003 OSt
005 20230227100800.0
008 210210b1996 xxu||||| |||| 00| 0 eng d
040 _cAL
041 _aEnglish
082 _a657.46 RAMI
100 _aRAMAN (B S)
_973341
245 _aIncome tax 1996
260 _aMangalore
_bUnited Publishers
_c1996
300 _aiv,834
690 _aIncome Tax
_973342
906 _a051192
942 _2ddc
_cBK
999 _c99545
_d99545